000 00688nam a2200205Ii 4500
003 JO-AjNU
008 230605s9999||||xx |||||||||||||| ||und||
040 _aJO-AjNU
_bara
_erda
_cJO-AjNU
041 _aara
050 1 4 _aHD53.N35 2018
100 3 _aنجم، نجم عبود ,
_eauthor
_958107
245 0 0 _aالقياده وادارة الابتكار = LEADERSHIP & INNOVATION MANAGEMENT
250 _aط1
264 3 1 _aعمان: دار صفاء للنشر والتوزيع، 2018
300 _a512ص
336 _atext
_btxt
_2rdacontent
337 _aunmediated
_bn
_2rdamedia
338 _avolume
_bnc
_2rdacarrier
650 4 _aادارة الاعمال - القيادة
_958108
999 _aA26077
_c29645
_d29645